[Event "Curitiba Sul Regional-ch"]
[Site "Curitiba"]
[Date "2015.07.10"]
[Round "1"]
[White "De Almeida, Helio Luiz Augusto"]
[Black "Guimaraes, Artemis Pamela"]
[Result "0-1"]
[WhiteElo "1800"]
[BlackElo "1949"]
[PlyCount "65"]
[EventDate "2015.07.10"]
[EventType "swiss"]
[EventRounds "6"]
[EventCountry "BRA"]
[SourceTitle "EXT 2016"]
[Source "ChessBase"]
[SourceDate "2015.10.08"]
[SourceVersion "1"]
[SourceVersionDate "2015.10.08"]
[SourceQuality "1"]

1. e4 e5 2. Nf3 Nc6 3. Bb5 Nf6 4. Bxc6 dxc6 5. 0-0 Be7 6. h3 Nxe4 7. Re1 Nf6 8. Nxe5 0-0 9. d4 c5 10. Be3 Nd5 11. Bc1 cxd4 12. Qxd4 Bf5 13. c3 Bf6 14. Nd2 Re8 15. Ndf3 Qd6 16. Bf4 Nxf4 17. Qxf4 Be6 18. Rad1 Bxe5 19. Nxe5 Qc5 20. a3 Rad8 21. Qh4 Rxd1 22. Rxd1 Qxe5 23. Rd8 Bc8 24. Qd4 Qe7 25. Rxe8+ Qxe8 26. Qxa7 h6 27. Qc5 Qc6 28. Qd4 Be6 29. Qd8+ Kh7 30. Qd3+ g6 31. Qc2 Qd5 32. Kh2 Qf5 33. Qe2 0-1